Personalidades históricas y famosos - D - Estadísticas

Estadísticas generales
  • Esta prueba ha sido intentada 150 veces
  • La puntuación promedio es 12 de 25
Estadísticas de respuestas
Pista Personaje % Correcto
Pintor, científico e inventor italiano del Renacimiento, conocido por obras como ''La Gioconda'' o ''La Última Cena'' Leonardo Da Vinci
98%
Empresario estadounidense creador de Mickey Mouse Walt Disney
92%
Primera esposa de Carlos, príncipe de Gales, fallecida en un accidente de tráfico en 1997 Princesa Diana de Gales ''Lady Di''
90%
Naturalista inglés que publicó la obra ''El origen de las especies'' en 1859 Charles Darwin
89%
Pintor y escultor español del siglo XX, considerado uno de los máximos representantes del surrealismo Salvador Dalí
82%
Primer mamífero clonado a partir de una célula adulta en 1996 Oveja Dolly
65%
Filósofo y matemático francés considerado el padre de la geometría analítica y la filosofía moderna René Descartes
62%
Dirigente de la Administración Central Tibetana y líder espiritual del Tíbet Dalai Lama
61%
Escritor británico de la época victoriana conocido por obras como ''Oliver Twist'', ''David Copperfield'' o ''A Christmas Carol'' Charles Dickens
58%
Diseñador de moda francés fundador de la firma de moda que lleva su nombre Christian Dior
52%
Pintor francés conocido por su obra ''La libertad guiando al pueblo'' Eugène Delacroix
44%
Artista italiano del Renacimiento conocido por haber esculpido el ''David'' de bronce y el púlpito exterior de la Catedral de Prato Donatello
42%
Ex-futbolista y entrenador hispano-argentino del Real Madrid Alfredo Di Stéfano
41%
Escritor británico creador del célebre detective de ficción Sherlock Holmes Arthur Conan Doyle
39%
Filósofo cínico griego el cual se cree que vivía en una tinaja como vagabundo, del que se conoce una anecdótica charla con el propio Alejandro Magno Diógenes de Sinope
36%
Cantante y compositor estadounidense cuyas canciones más conocidas son ''Blowin' in the Wind'' y ''A Hard Rain's a-Gonna Fall'' Bob Dylan
32%
Escritor español conocido por su obra teatral ''La vida es sueño'' Calderón de la Barca
32%
Rey de la dinastía aqueménida de Persia desde el año 521 hasta el 486 a.C. Darío I
32%
Escritor, filósofo y enciclopedista francés conocido por escribir la obra ''L'Encyclopédie'' junto con el siguiente Denis Diderot
31%
Corsario y explorador inglés que logró derrotar a la Armada Invencible de Felipe II Francis Drake
27%
Escritor inglés conocido por su obra ''Robinson Crusoe'', publicada en 1719 Daniel Defoe
24%
Químico y matemático británico que destaca por su modelo atómico y su tabla de pesos relativos de los elementos John Dalton
21%
Filósofo griego, discípulo de Leucipo y fundador del atomismo, perteneciente a la escuela de Abdera Demócrito de Abdera
19%
Dictador haitiano conocido popularmente como ''Papa Doc'' François Duvalier
17%
Filósofo y enciclopedista francés conocido por escribir la obra ''L'Encyclopédie'' junto con el anterior Jean le Rond D'Alembert
16%
No se encontraron pruebas coincidentes
Distribución de puntuación
Porcentaje de gente con cada puntuación
Porcentaje por número respondido
Historial de tus puntuaciones
No has intentado esta prueba.